Valores y prosperidad económica (Registro nro. 31576)

Detalles MARC
000 -LEADER
fixed length control field 00311 a2200109 4500
001 - CONTROL NUMBER
control field ART_30894
005 - DATE AND TIME OF LATEST TRANSACTION
control field 20260410162004.0
008 - FIXED-LENGTH DATA ELEMENTS--GENERAL INFORMATION
fixed length control field 260409a
100 1# - MAIN ENTRY--PERSONAL NAME
Personal name Sen, Amartya
245 10 - TITLE STATEMENT
Title Valores y prosperidad económica
773 0# - HOST ITEM ENTRY
Title Instituciones y desarrollo
Related parts - Nº 2 (dic. 1998)
Record control number REV30868

No hay ítems disponibles.